[Event "WEM-KT 2018"]
[Site "Illertissen"]
[Date "2018.08.29"]
[Round "5"]
[White "Jakob, Georg"]
[Black "Namyslo, Holger"]
[Result "1/2-1/2"]
[WhiteElo "2084"]
[BlackElo "2275"]
[Annotator "TA"]
[PlyCount "123"]
[EventDate "2018.08.25"]
[EventType "tourn"]
[EventCountry "GER"]
[SourceTitle "playchess.com"]
[Source "ChessBase"]
[SourceQuality "1"]

{[%evp 27,123,-8,-5,-10,-5,-6,-12,-14,5,0,20,21,19,7,7,7,7,7,8,7,33,18,24,23,43,0,0,0,0,0,25,0,0,0,108,108,215,188,204,212,264,152,286,220,215,213,197,196,191,153,246,100,95,100,99,97,142,90,114,108,110,102,107,111,173,121,137,89,74,0,144,145,162,157,115,156,222,58,267,266,391,319,321,309,408,371,438,378,418,313,256,135,370,114,231,153,484,186]} 1. e4 e6 2. d4 d5 3. Nc3 Bb4 4. e5 c5 5. a3 Bxc3+ 6. bxc3 Ne7 7. Nf3 b6 8. Bb5+ Bd7 9. Bd3 Ba4 10. h4 Nbc6 11. h5 c4 12. Be2 h6 13. O-O Kd7 {C19: French: 3 Nc3 Bb4: Main line: 7 Nf3 and 7 a4} 14. Bf4 Qg8 {LiveBook: 4 Games} 15. Nd2 (15. Qd2 Qh7 16. Rac1 Raf8 17. Nh2 Kc7 18. Bg4 Kb7 19. Bh3 {½-½ (55) Nisipeanu,L (2691)-Cech,P (2427) Wunsiedel 2014}) 15... Qh7 {The position is equal.} 16. Rc1 g6 $146 ({Predecessor:} 16... Na5 17. Bg4 Rhg8 18. Re1 Nac6 19. Nf1 {½-½ (95) Gibicar,D (2238)-Dgebuadze,A (2489) Deizisau 2015}) 17. Re1 Rhg8 18. Nf1 Kc7 19. Ne3 Qg7 20. hxg6 Nxg6 21. Bg3 h5 $1 22. Bxh5 Rh8 {aiming for ...Qh6.} 23. Bg4 Nge7 (23... Rag8 {is more complex.} 24. Qf3 Kb7 25. Bh3 Nh4 26. Qg4 Qf8) 24. Bh3 Rag8 25. Qf3 Qf8 26. Ng4 {[%cal Be3g4,Bg4f6,Bf6h5,Bh5f4][%mdl 32]} Kb7 27. Nf6 Rg6 28. Kf1 Nd8 29. Ke2 Ng8 30. Nh5 Qxa3 (30... Rg5 $11 31. Bg4 Nh6) 31. Bh4 $16 Nh6 (31... Qf8 $16) 32. Bf6 $36 {[%mdl 2048] White is in control.} Re8 33. Nf4 Rgg8 34. Qh5 (34. Ra1 $18 Qb2 35. Kf1 Bxc2 36. Nxd5 $1 {[%mdl 512]} exd5 37. Qxd5+ Kb8 38. g3 (38. Qxc4 Nb7 $14)) 34... Qf8 (34... Qxc3 $16 35. Qxh6 Bxc2) 35. Bxd8 Rxd8 {[#]} 36. Bxe6 $1 {[%mdl 512]} Bc6 (36... fxe6 37. Nxe6) 37. Bh3 Qg7 38. Kf1 Ng4 (38... Rh8 $16 39. e6 Rde8) 39. Qxg4 (39. f3 $18 {is more deadly.} Nh2+ 40. Kf2) 39... Qxg4 $16 40. Bxg4 Rxg4 41. g3 a5 42. e6 ({Better is} 42. Ke2 $1) 42... fxe6 43. Rxe6 Rg7 44. Re5 Rh7 45. Kg2 Ka6 (45... Rf8 $16) 46. Ng6 (46. g4 $18) 46... Rd6 47. Ne7 Bd7 48. f4 ({White should play} 48. Kf3 $16) 48... Rdh6 {[#]} (48... Re6 $1 $11 {remains equal.} 49. Ng8 (49. Nxd5 Rxe5 50. dxe5 Bc6 $17) 49... Rg7 50. Rxe6 Bxe6) 49. f5 $1 ({Inferior is} 49. Nxd5 Bg4 $11) 49... Rxe7 50. Rxe7 Bxf5 {[%mdl 4096] Endgame KRR-KRB} 51. Kf3 Rh2 (51... Be4+ $16 52. Rxe4 dxe4+ 53. Kxe4 Re6+ 54. Kf5 Re2) 52. Re5 $2 ({White should try} 52. g4 $18 Bxc2 53. Kg3) 52... Bxc2 $2 (52... Be4+ $1 $14 53. Rxe4 dxe4+ 54. Kxe4 Kb5) 53. Rxd5 $18 Rd2 (53... a4 $142 54. g4 Rh3+ 55. Kf4 Rxc3) 54. Kf4 a4 55. g4 Bd3 56. Rd8 Kb7 57. Ra1 b5 58. Rd7+ Kc6 59. Ra7 (59. Re7 $18) 59... Rc2 $2 (59... b4 $16 {keeps fighting.}) 60. Ra3 $2 (60. Rh1 $18 {has better winning chances. Rh6+ would kill now.} Kb6 61. Ra8) 60... Kb6 (60... Rf2+ $16 {was necessary.} 61. Kg5 Kb6) 61. Ra8 Rb2 $2 {[#]} (61... Kb7 $16 {is more resistant.} 62. Rg8 Kc6 63. Rc8+ Kb7) 62. g5 $2 {Precision: White = 49%, Black = 26%.} (62. R3xa4 $1 {[%mdl 512]} Rf2+ (62... bxa4 63. Rb8+) 63. Kg3 bxa4 64. Kxf2) 1/2-1/2

[Event "WEM-KT 2018"]
[Site "Illertissen"]
[Date "2018.08.29"]
[Round "5"]
[White "Klaiss, Thomas"]
[Black "Bossinger, Patrick"]
[Result "1/2-1/2"]
[WhiteElo "2021"]
[BlackElo "2039"]
[Annotator "NA RC"]
[PlyCount "53"]
[EventDate "2018.08.25"]
[EventType "tourn"]
[EventCountry "GER"]
[SourceTitle "playchess.com"]
[Source "ChessBase"]
[SourceQuality "1"]
[TimeControl "40/6000+30:3000+30"]

{[%evp 12,53,17,12,32767,32767,32767,32767,15,25,14,32767,32767,32767,5,32767,32767,32767,32767,32767,25,32767,18,0,16,32767,32767,32767,10,1,69,32767,32767,110,119,33,54,32767,29,32767,32767,10,6,-14]} 1. d4 {[%emt 0:09:38]} Nf6 {[%emt 0:09:43]} 2. Nf3 {[%emt 0:00:25]} g6 {[%emt 0:00:20]} 3. e3 {[%emt 0:03:33]} Bg7 {[%emt 0:02:51]} 4. Bd3 {[%emt 0:00:31]} O-O {[%emt 0:01:14]} 5. O-O {[%emt 0:00:52]} d5 {[%emt 0:01:48]} 6. Nbd2 {[%emt 0:00:24]} Bg4 {[%emt 0:04:33] D04: Colle System} (6... b6 7. Qe2 Bb7 8. c3 Nbd7 9. Ne5 c5 10. f4 Ne4 11. Nxe4 dxe4 12. Ba6 Bxa6 13. Qxa6 Nf6 14. Qb7 e6 15. a4 {0-1 (37) Akbaev,K (2475)-Lagno,K (2542) Khanty-Mansiysk 2013}) 7. h3 {[%emt 0:00:11]} Bxf3 {[%emt 0:00:25]} 8. Nxf3 {[%emt 0:00:16]} c5 {[%emt 0:01:55]} 9. b3 {[%emt 0:03:57]} Nc6 {[%emt 0:02:21]} 10. Bb2 {[%emt 0:00:09]} cxd4 $146 {[%emt 0:00:38]} ({Predecessor:} 10... Nd7 11. c4 dxc4 12. Bxc4 cxd4 13. exd4 Nb6 14. Bb5 {½-½ (24) Sultana,Z (2081)-Grover,S (1957) Dhaka 2004}) 11. exd4 {[%emt 0:01:03]} Rc8 {[%emt 0:00:52]} 12. Re1 {[%emt 0:05:05]} Nb4 {[%emt 0:07:04]} 13. c4 {[%emt 0:05:09]} Nxd3 {[%emt 0:02:40]} 14. Qxd3 {[%emt 0:00:46]} dxc4 {[%emt 0:01:21]} 15. bxc4 {[%emt 0:00:28]} Qc7 {[%emt 0:03:51]} 16. Rac1 {[%emt 0:01:58]} Rfd8 {[%emt 0:01:57]} 17. Qa3 {[%emt 0:00:29]} e6 {[%emt 0:01:46]} 18. d5 {[%emt 0:01:35]} exd5 {[%emt 0:10:43]} 19. cxd5 {[%emt 0:01:12]} Qd7 {[%emt 0:05:55]} 20. Rxc8 {[%emt 0:01:54]} Rxc8 {[%emt 0:02:18]} (20... Qxc8 $11 21. d6 (21. Qxa7 Nxd5 22. Bxg7 Kxg7 $11) 21... Ne8) 21. d6 {[%emt 0:00:56]} Ne8 {[%emt 0:12:39]} 22. Bxg7 {[%emt 0:03:01]} Kxg7 {[%emt 0:01:03]} 23. Rd1 {[%emt 0:11:19]} ({Don't do} 23. Qxa7 Nxd6 24. Qd4+ f6 $14) (23. Qb2+ $16 Kg8 24. Qd4 (24. Ne5 Qxd6 25. Ng4 h5 $14)) 23... f6 {[%emt 0:01:59]} 24. Qxa7 {[%emt 0:05:24]} Nxd6 {[%emt 0:04:50]} 25. Qd4 {[%emt 0:00:17]} Rc6 {[%emt 0:00:59]} 26. Qd5 {[%emt 0:06:48]} Qf7 {[%emt 0:02:39]} 27. Qxf7+ $11 {[%emt 0:02:07]} 1/2-1/2

[Event "WEM-KT 2018"]
[Site "Illertissen"]
[Date "2018.08.29"]
[Round "5"]
[White "Handel, Oliver"]
[Black "Maisch, Julian"]
[Result "0-1"]
[WhiteElo "1839"]
[BlackElo "2216"]
[Annotator "NA RC"]
[PlyCount "56"]
[EventDate "2018.08.25"]
[EventType "tourn"]
[EventCountry "GER"]
[SourceTitle "playchess.com"]
[Source "ChessBase"]
[SourceQuality "1"]
[TimeControl "40/6000+30:3000+30"]

{[%evp 11,56,93,95,32767,45,32767,32767,32767,58,36,37,45,31,30,32767,38,46,32767,32767,32767,32767,32767,116,32767,113,32767,302,83,93,81,91,50,117,-44,-64,-329,-320,44,-329,-361,-165,-190,-173,-400,-426,-3319,-3092]} 1. e4 {[%emt 0:09:33]} g6 {[%emt 0:09:33]} 2. d4 {[%emt 0:00:10]} Bg7 {[%emt 0:00:04]} 3. Nf3 {[%emt 0:01:21]} a6 {[%emt 0:00:06] B06: Modern Defence} (3... d6 4. Be2 Nf6 5. Nc3 O-O 6. O-O Nc6 7. d5 Nb8 8. h3 c6 9. Be3 b6 10. dxc6 Nxc6 11. Nd4 Bb7 12. Qd2 Rc8 13. Rfe1 Ne5 14. f3 d5 15. exd5 Nxd5 16. Nxd5 Qxd5 17. b3 {0-1 (49) Hou,Y (2658)-Nakamura,H (2777) chess.com INT 2018}) 4. Bd3 {[%emt 0:00:52]} b5 {[%emt 0:00:14]} 5. O-O {[%emt 0:01:18]} Bb7 {[%emt 0:00:06]} 6. c3 {[%emt 0:02:54]} d6 {[%emt 0:01:16]} 7. Qb3 $146 {[%emt 0:00:50]} ({Predecessor:} 7. a4 bxa4 8. Rxa4 Nd7 9. Re1 e6 10. Nbd2 {1-0 (51) Popov,I (2596)-Golubov,S (2481) Moscow 2016}) 7... Nf6 {[%emt 0:04:27]} 8. Re1 {[%emt 0:00:52]} O-O {[%emt 0:00:55]} 9. a4 {[%emt 0:00:08]} c6 {[%emt 0:00:55]} 10. h3 {[%emt 0:02:54]} Nbd7 {[%emt 0:04:37]} 11. Bf4 {[%emt 0:00:24]} e5 {[%emt 0:04:39]} 12. Bh2 {[%emt 0:06:56]} Qc7 {[%emt 0:04:27]} 13. Nbd2 {[%emt 0:01:16]} Rab8 {[%emt 0:05:32]} 14. axb5 {[%emt 0:03:43]} axb5 {[%emt 0:00:09]} 15. Qc2 {[%emt 0:00:09]} Kh8 {[%emt 0:03:23]} 16. b4 {[%emt 0:03:46]} Ng8 {[%emt 0:01:39]} 17. Nb3 {[%emt 0:16:46]} Bc8 {[%emt 0:07:01]} 18. Na5 {[%emt 0:09:45]} Nb6 $2 {[%emt 0:07:32]} (18... Ne7 $16 {might work better.}) 19. Qe2 $2 {[%emt 0:01:50]} (19. dxe5 $18 dxe5 {[#]} 20. Nxe5 $1 {[%mdl 512]} Bxe5 21. Bxe5+ Qxe5 22. Nxc6) 19... Bd7 {[%emt 0:12:41]} 20. Bc2 {[%emt 0:00:57]} Rbe8 {[%emt 0:06:30]} 21. Qd3 {[%emt 0:01:11]} f5 {[%emt 0:10:42]} 22. Nh4 $2 {[%emt 0:03:23] [#]} (22. dxe5 $16 Bxe5 23. Nxe5 dxe5 24. Rad1) 22... Qd8 $1 {[%emt 0:02:12]} 23. Qg3 $2 {[%emt 0:01:51]} (23. Nf3 $15) 23... f4 {[%emt 0:01:01]} ({Not} 23... exd4 24. exf5 Rxe1+ 25. Rxe1 $15) 24. Nxg6+ {[%emt 0:00:37]} hxg6 {[%emt 0:00:06]} 25. Qxg6 {[%emt 0:00:08]} Qf6 {[%emt 0:01:35]} ({Weaker is} 25... exd4 26. e5 $15) (25... Re6 $142 26. Qg4 Rh6) 26. Qh5+ {[%emt 0:02:49]} Qh6 {[%emt 0:00:08]} 27. Qd1 $2 {[%emt 0:00:20] [#]} (27. Qxh6+ Nxh6 28. Red1) 27... f3 $19 {[%emt 0:01:52]} 28. g4 {[%emt 0:00:53]} (28. Qd3 $142) 28... Qxh3 {[%emt 0:00:19]} 0-1

[Event "WEM-KT 2018"]
[Site "Illertissen"]
[Date "2018.08.29"]
[Round "5"]
[White "Kohde, Janis"]
[Black "Jooss, Achim"]
[Result "1/2-1/2"]
[WhiteElo "1803"]
[BlackElo "1749"]
[Annotator "NA RC"]
[PlyCount "35"]
[EventDate "2018.08.25"]
[EventType "tourn"]
[EventCountry "GER"]
[SourceTitle "playchess.com"]
[Source "ChessBase"]
[SourceQuality "1"]
[TimeControl "40/6000+30:3000+30"]

{[%evp 11,35,19,2,32767,37,18,32767,12,38,32767,32767,49,32767,-5,32767,32767,-2,32767,12,32767,32767,32767,-43,-192,32767,-73]} 1. d4 {[%emt 0:09:34]} d5 {[%emt 0:09:35]} 2. c4 {[%emt 0:00:06]} c6 {[%emt 0:00:03]} 3. Nc3 {[%emt 0:00:05]} Nf6 {[%emt 0:00:20]} 4. Nf3 {[%emt 0:00:07]} e6 {[%emt 0:00:39]} 5. e3 {[%emt 0:00:05]} Bb4 {[%emt 0:00:57]} 6. Bd2 {[%emt 0:00:33] LiveBook: 5 Games} O-O {[%emt 0:00:13]} 7. Bd3 {[%emt 0:00:33]} dxc4 {[%emt 0:01:15]} 8. Bxc4 {[%emt 0:00:03]} Nbd7 {[%emt 0:00:31] D45: Semi-Slav: 5 e3} (8... b5 9. Be2 Bb7 10. O-O Nbd7 11. Qc2 Rc8 12. Ne4 Nxe4 13. Bxb4 c5 14. dxc5 Ndxc5 15. Qd1 Qb6 16. Qe1 {½-½ (86) Sandipan,C (2579)-Lercel,M (2252) Caleta 2018}) 9. O-O {[%emt 0:00:25]} Re8 {[%emt 0:01:28]} 10. a3 {[%emt 0:01:45]} Ba5 {[%emt 0:00:32]} 11. Qc2 {[%emt 0:07:26]} e5 {[%emt 0:00:50]} 12. b4 $146 {[%emt 0:07:12]} ({White should play Predecessor:} 12. Qb3 $14 Re7 13. dxe5 Nxe5 14. Nxe5 Rxe5 15. Bxf7+ {½-½ (44) Golubiatnikov,V (2241)-Presnyakov,S (2062) Kimry 2007} Kh8 16. Rad1) 12... Bc7 {[%emt 0:03:40]} 13. Qa2 {[%emt 0:10:00]} Re7 {[%emt 0:02:38]} 14. Rfd1 {[%emt 0:02:55] [#]} h6 {[%emt 0:11:44]} (14... e4 $1 $17 {[%cal Re4f3]} 15. Ng5 Qe8) 15. Nh4 {[%emt 0:02:23]} exd4 {[%emt 0:15:40]} 16. exd4 {[%emt 0:00:40]} Nf8 $15 {[%emt 0:03:58]} 17. Be3 $2 {[%emt 0:09:52]} (17. Re1 $15) 17... Ng4 {[%emt 0:06:24]} 18. Nf3 {[%emt 0:03:08]} 1/2-1/2

[Event "WEM-KT 2018"]
[Site "Illertissen"]
[Date "2018.08.29"]
[Round "5"]
[White "Seidler, Ottmar"]
[Black "Guenther, Stefan"]
[Result "0-1"]
[WhiteElo "1706"]
[BlackElo "1907"]
[Annotator "NA RC"]
[PlyCount "74"]
[EventDate "2018.08.25"]
[EventType "tourn"]
[EventCountry "GER"]
[SourceTitle "playchess.com"]
[Source "ChessBase"]
[SourceQuality "1"]
[TimeControl "40/6000+30:3000+30"]

1. d4 {[%emt 0:09:40]} Nf6 {[%emt 0:09:39]} 2. c4 {[%emt 0:00:01]} c5 {[%emt 0:00:08]} 3. d5 {[%emt 0:00:21]} b5 {[%emt 0:00:09]} 4. Nf3 {[%emt 0:04:52]} e6 {[%emt 0:02:13]} 5. dxe6 {[%emt 0:02:54]} fxe6 {[%emt 0:00:10] LiveBook: 610 Games} 6. cxb5 {[%emt 0:01:12]} d5 {[%emt 0:00:53]} 7. e3 {[%emt 0:04:45]} Bd6 {[%emt 0:00:21]} 8. b3 {[%emt 0:00:31] E10: Blumenfeld Gambit} O-O {[%emt 0:00:13]} 9. Bd3 {[%emt 0:00:33]} (9. Bb2 Nbd7 10. Bd3 Qe8 11. Nbd2 Bb7 12. O-O Qh5 13. h3 e5 14. e4 dxe4 15. Bc4+ Kh8 {1-0 (59) Tan,Z (2517)-Muzychuk,M (2544) Huaian 2017}) 9... Bb7 {[%emt 0:04:43]} 10. Bb2 {[%emt 0:03:10]} Nbd7 {[%emt 0:01:46]} 11. Nbd2 {[%emt 0:00:29]} Qe7 {[%emt 0:15:03]} 12. Rc1 $146 {[%emt 0:01:46]} ({Predecessor:} 12. Qe2 Ne4 13. O-O Rf5 14. g3 Qf7 15. Ne1 Be5 16. Bxe5 Nxe5 {1-0 (26) Piankov,E (2374)-Felizes,P (2140) Linares 2000}) 12... Ng4 {[%emt 0:10:23]} 13. O-O {[%emt 0:03:11]} a6 {[%emt 0:08:00]} 14. bxa6 {[%emt 0:07:10]} Bxa6 {[%emt 0:00:06]} 15. Bxa6 {[%emt 0:01:03]} Rxa6 {[%emt 0:00:05]} 16. a4 {[%emt 0:00:15]} e5 {[%emt 0:08:01]} 17. h3 {[%emt 0:04:03]} Nh6 {[%emt 0:12:48]} 18. Nb1 {[%emt 0:03:24]} d4 {[%emt 0:05:38]} 19. exd4 {[%emt 0:00:43]} cxd4 {[%emt 0:02:06]} 20. Qd3 {[%emt 0:01:57]} Raa8 {[%emt 0:04:14]} 21. Rfe1 {[%emt 0:03:08]} Qf6 {[%emt 0:03:00]} (21... Bb4 $16 {keeps fighting.}) 22. Nbd2 {[%emt 0:01:53]} Qf4 $2 {[%emt 0:04:27]} (22... Nf7 {ist eine bessere Verteidigung.} 23. Rc6 Rac8) 23. Ne4 {[%emt 0:11:53]} Be7 {[%emt 0:02:24]} 24. Rc7 {[%emt 0:01:55]} Rad8 {[%emt 0:01:42]} 25. Qc4+ {[%emt 0:07:19]} Qf7 {[%emt 0:01:11]} 26. Qb5 {[%emt 0:09:35]} Qe6 {[%emt 0:03:32]} 27. Rc6 {[%emt 0:04:08]} Qf7 {[%emt 0:00:46]} 28. Rc7 {[%emt 0:06:35]} Qe6 {[%emt 0:00:08]} 29. Rec1 {[%emt 0:04:16]} Rxf3 {[%emt 0:00:38]} 30. gxf3 {[%emt 0:02:07]} Qxh3 {[%emt 0:02:46]} 31. Rc8 {[%emt 0:05:36]} Nf8 {[%emt 0:02:05]} 32. Rxd8 {[%emt 0:00:25]} Bxd8 {[%emt 0:00:01]} 33. Qxe5 {[%emt 0:02:23]} Qxf3 {[%emt 0:01:37]} 34. Bxd4 {[%emt 0:00:56]} Qg4+ {[%emt 0:01:20]} 35. Qg3 {[%emt 0:01:21]} Qd7 {[%emt 0:01:10]} 36. Rc7 $2 {[%emt 0:02:13]} ({White should play} 36. Bc3 $18) 36... Qxd4 $11 (36... Qxc7 $17 37. Qxc7 Bxc7) 37. Rc1 $2 {[%emt 0:00:04]} (37. Rc8 $1 $11) 37... Qd7 0-1

[Event "WEM-KT 2018"]
[Site "Illertissen"]
[Date "2018.08.30"]
[Round "6"]
[White "Namyslo, Holger"]
[Black "Gabriel, Josef"]
[Result "1-0"]
[WhiteElo "2275"]
[BlackElo "2124"]
[Annotator "TA"]
[PlyCount "79"]
[EventDate "2018.08.25"]
[EventType "tourn"]
[EventCountry "GER"]
[SourceTitle "playchess.com"]
[Source "ChessBase"]
[SourceQuality "1"]

{[%evp 9,79,44,62,33,63,63,65,67,70,68,72,72,110,79,93,50,45,51,75,68,64,55,70,45,30,0,101,77,88,-48,-9,-60,-64,-69,-77,-64,-62,-155,-27,-204,-20,-20,-20,-20,-18,-16,-20,-20,-21,-21,-20,-22,-20,-20,-30,-16,-15,-24,-20,-29,0,0,0,0,0,0,0,0,0,0,16,0]} 1. e4 g6 2. d4 Bg7 3. Nf3 d6 4. Bc4 e6 5. Bb3 a5 $146 ({Vorgänger:} 5... Ne7 6. O-O O-O 7. Re1 Nd7 8. c3 a6 9. Nbd2 b5 10. Nf1 c5 11. Ng3 Bb7 12. Bf4 e5 13. Be3 exd4 14. cxd4 {0-1 (40) Grandelius,N (2653)-Dubov,D (2677) Germany 2017}) 6. c3 {B06: Moderne Verteidigung} Bd7 7. O-O Bb5 8. Re1 {Weiß steht etwas besser.} Nd7 9. a4 Ba6 10. Nbd2 Nb6 11. Nf1 c5 12. Bf4 cxd4 13. cxd4 Ne7 14. Rc1 O-O 15. Qd2 Nc6 16. Bg5 Qd7 17. d5 Nb4 (17... exd5 $1 $11 18. exd5 Nb4) 18. dxe6 $16 fxe6 19. Re3 (19. Be3 $1 $16 {[%cal Re3b6]} Nxa4 20. Bd4 Bxd4 21. Qxd4 Bxf1 22. Rxf1) 19... Rac8 20. Rd1 (20. Rxc8 $11 Rxc8 21. e5) 20... Nxa4 21. Bxa4 Qxa4 22. Ra3 Qb5 {Und weiter mit ...d5 wäre nett.} 23. Be7 {[#]} (23. Qxd6 $15 Rce8 24. Bc1) 23... Rfe8 (23... Rf7 $1 $17 {[%cal Rf7e7]} 24. Qxd6 Re8) 24. Qxd6 $2 {[#]} (24. Bxd6 $11 Red8 25. e5) 24... Rc6 $2 (24... Nc6 $1 $19 25. Bh4 Qxb2) 25. Qd7 $11 Rb6 $1 {[%cal Bc6b6,Bb6b2,Bb2c2][%mdl 32]} 26. Rxa5 Qxd7 27. Rxd7 {Und Lc5 würde nun gewinnen.} Nc6 28. Bc5 Rxb2 {...Lxf1 ist eine echte Drohung.} 29. Ra1 $1 Rc2 30. Bd4 $1 Nxd4 31. Nxd4 Rc4 32. Rd1 e5 33. Nf3 Rxe4 34. Ne3 Rb4 35. Nd5 {Die Stellung ist ausgeglichen.} Rb2 36. Ng5 {zielt auf Se7+ ab.} h6 37. Nc7 Bb5 38. Nxb5 Rxb5 39. Ne4 Ra8 40. g3 {[%mdl 32768] Precision: Weiß = 47%, Schwarz = 49%. . Loss on Time!?} 1-0

[Event "WEM-KT 2018"]
[Site "Illertissen"]
[Date "2018.08.30"]
[Round "6"]
[White "Laengl, Juergen"]
[Black "Anistratov, Dmitriy"]
[Result "0-1"]
[WhiteElo "2223"]
[BlackElo "2279"]
[Annotator "TA"]
[PlyCount "93"]
[EventDate "2018.08.25"]
[EventType "tourn"]
[EventCountry "GER"]
[SourceTitle "playchess.com"]
[Source "ChessBase"]
[SourceQuality "1"]

{[%evp 15,93,19,25,18,25,-19,-15,-20,-15,-16,-24,-23,-15,-22,-17,-16,0,-5,0,0,0,0,0,0,0,0,0,-11,0,0,0,-51,-44,-45,-41,-120,-120,-134,-121,-118,-118,-109,-99,-102,-99,-99,-74,-154,-143,-155,-162,-185,-185,-1040,-946,-1609,-1395,-1428,-1115,-1039,-829,-855,-855,-937,-908,-1482,-1495,-850,-1024,-4038,-1619,-29973,-29975,-29981,-29982,-29982,-29983,-29983,-29984,-29978]} 1. d4 Nf6 2. Nc3 d6 3. e4 e5 4. dxe5 dxe5 5. Qxd8+ Kxd8 6. Bc4 Be6 7. Bxe6 fxe6 8. Bg5 Bd6 {LiveBook: 27 Games} 9. Nge2 {B07: Pirc Defence: Miscellaneous Systems} (9. f3 {looks sharper.} Kc8 10. Be3 Nc6 11. Nh3 b6 12. O-O) (9. O-O-O Ke7 10. Nge2 h6 11. Bh4 g5 12. Bg3 Nh5 13. f3 Nc6 14. Nb5 a6 15. Nxd6 cxd6 16. Bf2 Nf4 17. Nxf4 exf4 {½-½ (64) Vernay,C (2506)-Bellini,F (2470) Switzerland 2017}) 9... h6 10. Bxf6+ gxf6 11. O-O-O {The position is equal.} Ke7 12. Nb5 Nc6 13. Nxd6 cxd6 14. Rd3 Rhg8 15. g3 Rac8 16. Rhd1 $146 ({Predecessor:} 16. a3 Rc7 {1-0 (28) Boricsev,O (2319)-Abdulaziz,M (2094) Beirut 2014}) 16... Nb4 17. Rxd6 {[#] Strongly threatening Rd7+.} Nd5 18. R6xd5 exd5 19. Rxd5 $11 {[%mdl 4096] Endgame KRR-KRN} Rgd8 20. Nc3 Ke6 21. Kd2 h5 22. Rxd8 Rxd8+ {KR-KN} 23. Nd5 (23. Ke3 $11) 23... f5 $15 24. Ke3 Rc8 25. c3 (25. Nc3 $1 $15) 25... fxe4 $17 26. Nb4 a5 27. Nc2 Rd8 28. Ke2 b5 29. a3 Kd5 {[#] White must now prevent ...Kc4.} 30. Ne3+ Kc5 31. b4+ (31. Nf1 $142) 31... Kc6 32. bxa5 Kc5 33. h4 Rd3 34. c4 $2 (34. Nd1) 34... bxc4 $19 35. Nc2 Kb5 36. a6 Kb6 37. a4 Rd7 38. Nb4 Kc5 39. Na2 Ra7 40. Ke3 Rxa6 41. Nc3 Kb4 42. Nxe4 Rxa4 43. f4 Ra3+ {Black mates.} 44. Kd2 exf4 45. gxf4 Rf3 46. Nf6 Kb3 47. Ke2 {Precision: White = 47%, Black = 78%.} 0-1

[Event "WEM-KT 2018"]
[Site "Illertissen"]
[Date "2018.08.30"]
[Round "6"]
[White "Maisch, Julian"]
[Black "Engelhart, Achim"]
[Result "1/2-1/2"]
[WhiteElo "2216"]
[BlackElo "2126"]
[Annotator "TA"]
[PlyCount "118"]
[EventDate "2018.08.25"]
[EventType "tourn"]
[EventCountry "GER"]
[SourceTitle "playchess.com"]
[Source "ChessBase"]
[SourceQuality "1"]

{[%evp 20,118,-24,-27,-20,-43,-36,-34,-37,-38,-31,-21,-2,-28,-23,-23,-5,-7,-14,-27,-31,-77,-90,-90,-85,-111,-85,-81,-81,-112,-132,-143,-154,-134,-56,-75,-56,-76,-60,-68,-33,-129,-40,-37,-41,-35,0,-86,0,0,0,0,0,0,0,-15,0,0,16,0,0,0,0,0,0,0,0,0,0,0,0,0,0,0,0,0,0,0,0,0,0,0,0,0,0,0,0,0,0,0,0,0,0,0,0,0,0,0,0,0,0]} 1. e4 e6 2. d3 d5 3. Qe2 dxe4 4. dxe4 e5 5. Nf3 Nc6 6. g3 Nf6 7. Bg2 Bc5 8. O-O O-O 9. c3 a5 10. Nbd2 {[%cal Bb1d2,Bd2f1,Bf1h2,Bh2g4][%mdl 32]} Qe7 11. Nh4 {LiveBook: 6 Games. C00: French: Unusual White 2nd moves} g6 (11... Re8 12. Nc4 Bg4 13. Bf3 Bxf3 14. Qxf3 Qe6 15. Ne3 Bxe3 16. Qxe3 Rad8 17. Qe2 Rd7 18. f3 Red8 {½-½ (46) Perez Mitjans,O (2457)-Plazuelo Pascual,J (2302) Madrid 2015}) 12. h3 b6 13. Qf3 {Black is slightly better.} Ba6 14. Re1 Qe6 $146 ({Predecessor:} 14... Nd8 15. Nf1 Ne6 16. Bh6 Rfd8 17. Rad1 Rxd1 18. Rxd1 Rd8 {½-½ (36) Banas,J-Blatny,F Havirov 1970}) 15. Nf1 Ne7 16. Bg5 Nd7 $36 {[%mdl 2048] Black fights for an advantage.} 17. Rad1 f6 18. Bh6 Rfd8 19. Nh2 Kh8 20. Be3 Bxe3 ({Don't go for} 20... Qxa2 $2 21. Bxc5 Qe6 22. Ba3 $18) 21. Qxe3 Qxa2 22. Ng4 Qf7 23. f4 {and if Rxd7! works, White does fine.} Nc6 24. Qf2 Qe7 25. Kh2 Nc5 {Threatens to win with ...Nd3.} 26. fxe5 fxe5 (26... Nxe5 $17 {Strongly threatening ...Ncd3.} 27. Nxe5 fxe5) 27. Qe3 $15 Rxd1 28. Rxd1 Qg7 29. Nf3 Re8 30. Rd5 (30. b4 $15 axb4 31. cxb4 Nxb4 32. Ngxe5) 30... Bc8 (30... h5 $17 31. Nf2 Qf6) 31. Bf1 $1 Bxg4 32. hxg4 Rd8 33. Qg5 (33. Bb5 $11 {keeps the balance.} Rxd5 34. exd5) 33... Rxd5 ({Better is} 33... Rd6 $17 34. Rxd6 cxd6) 34. exd5 $11 {The position is equal.} Ne7 35. Nxe5 Ne4 36. Qf4 Nd6 37. c4 Kg8 38. g5 Qf8 39. Bh3 (39. Kg2 {is more complex.} Qxf4 40. gxf4 Kg7 41. Kf3 h5 42. gxh6+ Kxh6 43. Bd3) 39... Qxf4 40. gxf4 {[%mdl 4096] Endgame KBN-KNN} Kg7 41. Be6 Nef5 42. Bxf5 $1 Nxf5 {KN-KN} 43. Kg2 h6 44. gxh6+ Kxh6 45. Kf3 Kh5 46. Nd3 g5 {[#] ...g4+ is the strong threat.} 47. fxg5 Kxg5 48. c5 bxc5 49. Nxc5 Nd6 50. Ke3 Nc4+ 51. Kd4 Nxb2 52. Ne6+ Kf6 53. Nxc7 Ke7 54. Nb5 a4 55. Kc3 Nd1+ 56. Kb4 Ne3 57. d6+ Kd7 58. Kxa4 Nf5 59. Nc3 Nxd6 {Precision: White = 60%, Black = 63%.} 1/2-1/2